000 00445nam a2200181Ia 4500
001 16734
005 20260306170332.0
008 260306t2014||||xx |||||||||||||| ||und||
041 _aESP
082 _a349.72
_bH41A 2014
100 _aHervada, Javier
_eAUT
245 0 _aElementos de derecho constitucional canónico
260 _c2014
300 _a288 páginas :
_c24 cm.
650 _aGEN
654 _aCDE
942 _cLIB
_dJUS
_fJUS
_2ddc
_n
999 _c16734
_d16734